| 000 | 00661nam a2200229 a 4500 | ||
|---|---|---|---|
| 001 | 000020260 | ||
| 003 | DO-SdBNP | ||
| 005 | 20150715103556.0 | ||
| 008 | 100802s2004 dr ac 000 0 spa d | ||
| 020 | _a8482615394 | ||
| 040 |
_aBPJMB _bspa _cBPJMB |
||
| 092 |
_axxxx _bG943d |
||
| 245 | 0 | 0 |
_aGuía didáctica : _bespañol 8 / _ctexto Manuel García-Cartagena. |
| 260 |
_aSanto Domingo : _bSantillana, _c2004. |
||
| 300 |
_a207 p. : _bil., retrs. ; _c28 cm. |
||
| 490 | 1 |
_aÁmbar _vv. 8 |
|
| 500 | _aEducación básica | ||
| 700 | 1 | _aGarcía-Cartagena, Manuel | |
| 830 | 0 |
_aÁmbar _nno. 8 |
|
| 942 |
_2ddc _cBK |
||
| 956 |
_aBTAVAREZ _b10 _c20100802 _lBND02 _h1435 |
||
| 999 |
_c7962 _d7962 |
||